| 000 | 00611nam a22001817a 4500 | ||
|---|---|---|---|
| 999 |
_c185516 _d185516 |
||
| 005 | 20220203121411.0 | ||
| 010 | _aENG-131377 | ||
| 020 |
_a9789390394500 _c499.00 |
||
| 035 | _aEN-114909 | ||
| 037 | _bDBAD | ||
| 082 | _a005.73 | ||
| 100 | _aMehra, Ritika | ||
| 245 |
_aData Structures Using C/ _cRitika Mehra |
||
| 260 |
_aUttar Pradesh _bPearson India Education Services _c2022 |
||
| 270 |
_a15th Flooor, Tower-B, World Trade Tower, Plot No. 1, Block-C, Sector-16 _bNoida _e201301 _mcompanysecretary.india@pearson.com |
||
| 300 |
_avp. _bIndex _c23cm(pbk) |
||
| 942 |
_2ddc _cEN _h005.73 _mMEH |
||